Sports Quiz

Random Sports or NFL Quiz

ESPN Fantasy Football Top 100 (2012) Quiz Stats

 Plays Quiz Updated Aug 29, 2012

Challenge
Share
Tweet
Embed
Score 0/100 Timer 11:00
4 Plays Today
Rank Player % Correct
QB2Tom Brady
93.2%
WR1Calvin Johnson
91.3%
QB9Peyton Manning
91%
RB5Chris Johnson
90.9%
WR3Andre Johnson
90.8%
QB6Eli Manning
90.7%
WR23Steve Johnson
90.4%
QB1Aaron Rodgers
90.1%
QB3Drew Brees
86.2%
RB10Adrian Peterson
83.7%
WR11Julio Jones
82.4%
RB1Arian Foster
81.3%
WR14Steve Smith
79%
WR30Torrey Smith
78.8%
RB33Kevin Smith
78.6%
TE1Rob Gronkowski
78.1%
WR27DeSean Jackson
77.1%
RB13Steven Jackson
77%
WR19Vincent Jackson
77%
RB14Fred Jackson
77%
RB2Ray Rice
75.8%
RB3LeSean McCoy
73.2%
QB5Cam Newton
70.3%
WR9A.J. Green
69.2%
QB4Matthew Stafford
68.9%
RB4Maurice Jones-Drew
68.7%
WR2Larry Fitzgerald
66.1%
QB7Michael Vick
66.1%
QB8Tony Romo
65.2%
RB7Matt Forte
65.2%
TE2Jimmy Graham
63.6%
QB10Philip Rivers
63.5%
WR4Roddy White
63.3%
QB11Matt Ryan
63%
Rank Player % Correct
RB17Frank Gore
62.8%
RB30DeAngelo Williams
62%
RB6Marshawn Lynch
61.8%
WR7Wes Welker
61.8%
QB15Robert Griffin III
61.3%
RB9Jamaal Charles
59.9%
RB21Reggie Bush
59.5%
QB12Ben Roethlisberger
59.3%
RB31Michael Bush
59%
WR25Antonio Brown
58.4%
RB38Donald Brown
58.1%
QB14Jay Cutler
57.6%
WR12Brandon Marshall
56.3%
WR24Demaryius Thomas
56.2%
WR5Greg Jennings
55.7%
WR15Dez Bryant
55.4%
TE7Tony Gonzalez
54.5%
TE6Aaron Hernandez
53.1%
TE4Vernon Davis
53%
RB11Darren McFadden
52.8%
WR10Victor Cruz
52.8%
TE3Antonio Gates
52.2%
RB16Michael Turner
51.9%
WR6Mike Wallace
51.3%
WR13Jordy Nelson
51.2%
RB8DeMarco Murray
50.6%
RB25Shonn Greene
49.4%
QB13Matt Schaub
49%
RB19Ahmad Bradshaw
49%
WR16Marques Colston
46.9%
RB23Jonathan Stewart
46.5%
WR8Hakeem Nicks
45.1%
RB39David Wilson
44.1%
WR18Miles Austin
43.7%
Rank Player % Correct
RB15Trent Richardson
43.7%
WR35Anquan Boldin
42.4%
RB29Doug Martin
41.3%
RB12Ryan Mathews
41.2%
WR22Jeremy Maclin
40.7%
RB22BenJarvus Green-Ellis
40.3%
RB18Darren Sproles
39.4%
WR33Santonio Holmes
39%
WR26Eric Decker
38.9%
WR21Dwayne Bowe
38%
RB20Willis McGahee
36.4%
WR20Percy Harvin
35.2%
WR36Michael Crabtree
35.2%
RB32C.J. Spiller
35%
TE5Jermichael Finley
33.9%
WR17Brandon Lloyd
33.6%
RB34Peyton Hillis
32.9%
RB27Beanie Wells
32.3%
RB36Mark Ingram
31.4%
RB28Ben Tate
31.2%
RB24Stevan Ridley
30.3%
WR29Pierre Garcon
29.1%
WR34Lance Moore
28.8%
WR31Denarius Moore
28.8%
WR32Malcom Floyd
25.1%
WR37Kenny Britt
25%
RB26Roy Helu
23.1%
RB35Isaac Redman
19.7%
WR38Nate Washington
18.3%
WR28Robert Meachem
17.8%
RB40Shane Vereen
12.5%
RB37Toby Gerhart
11.7%

You're not logged in!

Compare scores with friends on all Sporcle quizzes.
OR
Log In

You Might Also Like...

Show Comments

Extras

Top Quizzes Today


Score Distribution

Your Account Isn't Verified!

In order to create a playlist on Sporcle, you need to verify the email address you used during registration. Go to your Sporcle Settings to finish the process.

Report this User

Report this user for behavior that violates our Community Guidelines.

Details: